10 miast o największym zagęszczeniu milionerów - Statystyki

Ogólne statystyki
  • Ten quiz został rozwiązany 158 razy
  • Średni wynik to 3 z 10
Statystyki odpowiedzi
Hint Odpowiedź % Poprawnych
4,63% Nowy Jork
78%
3,39% Londyn
62%
2,80% Singapur
50%
29,21% Monako
45%
27,34% Zurych
24%
17,92% Genewa
16%
2,90% Oslo
16%
2,63% Amsterdam
13%
3,88% Frankfurt
7%
2,59% Florencja
1%
Nie znaleziono quizów pasujących do podanych kryteriów
Rozkład punktacji
Procent ludzi z każdym wynikiem
Percentyl według liczby udzielonych odpowiedzi
Twoja historia wyników
Nie rozwiązałeś tego quizu